| 000 | 00368nam a2200133Ia 4500 | ||
|---|---|---|---|
| 005 | 20260328104333.0 | ||
| 008 | 260328s9999||||xx |||||||||||||| ||und|| | ||
| 100 | _aTaylor, Richard | ||
| 245 | 0 |
_aDrawing Architecture : _b The Beginner's Guide to Drawing and Painting Buildings / _cRichard Taylor |
|
| 260 | _bDa | ||
| 300 | _a120 p. | ||
| 650 | _aDIBUJO | ||
| 942 | _cBK | ||
| 999 |
_c11776 _d11776 |
||